Implementácia 3D technológií vo webovom prostredí: Prípadová štúdia s Unreal Engine bakalárska práca

Uložené v:
Podrobná bibliografia
Hlavný autor: Rehák, Lukáš
Korporativný autor: Fakulta hospodárskej informatiky EU. Katedra aplikovanej informatiky
Ďalší autori: Schmidt, Peter, 1968-
Médium: Kniha
Jazyk:Slovak
Vydavateľské údaje: Bratislava 2024
Tagy: Pridať tag
Žiadne tagy, Buďte prvý, kto otaguje tento záznam!

MARC

LEADER 00000nbm a2200000 4500
001 0302530
005 20250124131203.7
041 0 |a slo 
044 |a SK 
245 1 0 |a Implementácia 3D technológií vo webovom prostredí: Prípadová štúdia s Unreal Engine  |b bakalárska práca  |c Lukáš Rehák ; školiteľ: Peter Schmidt 
264 1 |a Bratislava  |c 2024 
300 |a 57 s. 
100 1 |a Rehák, Lukáš 
700 1 |a Schmidt, Peter, 1968- 
710 2 |a Fakulta hospodárskej informatiky EU. Katedra aplikovanej informatiky